000
00196 a2200097 4500
001
49507
100
_a
Williams
245
_a
Wooden horse
260
_a
London
_b
Collins
_c
090
_c
32037
_d
32037
942
_a
NUST-CAE
_c
M
_c
24489
999
_c
284580
_d
284580